000 00460nam a2200181Ia 4500
008 100917s9999 xx 000 0 und d
082 _b38634
100 _aअदवंत म. ना.
245 _aमनाली
260 _bपुष्पक प्रकाशन
_c1978
300 _a139
365 _b10
520 _aनिबंध
630 _aमनाली
650 _aनिबंध
730 _aमनाली
942 _cBOOK
999 _c644028
_d644025